English for engineers and technologists (Record no. 11205)

MARC details
000 -LEADER
fixed length control field 00653 a2200193 4500
010 ## - LIBRARY OF CONGRESS CONTROL NUMBER
LC control number ENG-89705
020 ## - INTERNATIONAL STANDARD BOOK NUMBER
International Standard Book Number 8125030190
Terms of availability 185.00
035 ## - SYSTEM CONTROL NUMBER
System control number EN-73238
037 ## - SOURCE OF ACQUISITION
Source of stock number/acquisition DBAD / PUB
082 14 - DEWEY DECIMAL CLASSIFICATION NUMBER
Classification number 480.2462
090 ## - LOCALLY ASSIGNED LC-TYPE CALL NUMBER (OCLC); LOCAL CALL NUMBER (OCLC)
-- 11521
-- 11521
245 1# - TITLE STATEMENT
Title English for engineers and technologists
260 ## - PUBLICATION, DISTRIBUTION, ETC. (IMPRINT)
Place of publication, distribution, etc Chennai
Name of publisher, distributor, etc Orient Longman,
Date of publication, distribution, etc 2006
270 ## - ADDRESS
Address 160, Anna Salai
City Chennai
State or province Chennai
Postal code 600002
Electronic mail address chegeneral@orientlongman.com
300 ## - PHYSICAL DESCRIPTION
Extent 216p.
Dimensions 26 cm (pbk)
500 ## - GENERAL NOTE
General note Volumes 1 and 2 (Combined edition)
942 ## - ADDED ENTRY ELEMENTS (KOHA)
Institution code [OBSOLETE] dpl
Koha item type English Books
Call number prefix 480.2462 / ENG
Holdings
Withdrawn status Lost status Source of classification or shelving scheme Damaged status Not for loan Collection code Home library Current library Source of acquisition Cost, normal purchase price Total Checkouts Full call number Barcode Date last seen Copy number Uniform Resource Identifier Cost, replacement price Price effective from Koha item type
    Dewey Decimal Classification   Not For Loan Non-fiction D.B.Act.Division D.B.Act.Division DBAD/PUB 185.00   480.2462 ENG EN-73238 15/09/2008 1 12313 185.00 15/09/2008 English Books

© Delhi Public Library
Hit Counter
free hit counter